Loading...

നമ്പ്യാരുടെ രത്നങ്ങള്‍

Bibliographic Details
Format: Printed Book
Published: Ernakulam; Parishanmudranalayam; 1955
Edition:2nd
Subjects:
LEADER 00862nam a22001697a 4500
082 |a 894.M1  |b NAM J5 
240 |a Nambiyarude raknangal 
245 |a നമ്പ്യാരുടെ രത്നങ്ങള്‍ 
250 |a 2nd 
260 |a Ernakulam;  |b Parishanmudranalayam;  |c 1955 
300 |a v;280p. 
650 |a മലയാളം; മലയാളം സാഹിത്യം; മലയാളം കവിതകള്‍  |9 154536 
650 |a Malayalam; Malayalam Literature; Malayalam Poetry  |9 154537 
942 |c BK 
999 |c 42860  |d 42860 
952 |0 0  |1 0  |4 0  |6 894_000000000000000_M1_NAM_J5  |7 0  |8 POE  |9 49249  |a MAL  |b MAL  |d 2015-08-17  |e 6003  |g 1.50  |l 0  |o 894.M1 NAM J5  |p MAL006003  |r 2015-08-17  |t 1  |w 2015-08-17  |y BK 
952 |0 0  |1 0  |4 0  |6 894_000000000000000_M1_NAM_J51  |7 0  |8 POE  |9 49250  |a MAL  |b MAL  |d 2015-08-17  |e 6716  |g 1.50  |l 0  |o 894.M1 NAM J5;1  |p MAL006716  |r 2015-08-17  |t 2  |w 2015-08-17  |y BK